STN ISO 17123-4: 2013 (73 0212), Optika a optické prístroje. Postupy na skúšanie geodetických prístrojov Časť 4 Elektrooptické diaľkomery (meranie na odrazové hranoly)

Táto norma obsahuje anglickú verziu ISO 17123-4: 2012

Bibliographic Details
Corporate Author: Slovenská technická univerzita v Bratislave. Stavebná fakulta (Translator)
Other Authors: Ježko, Ján, 1958- (Translator)
Format: Book
Language:Slovak
English
PhysicalDescription:21 s. obr., tab. 30 cm
Published: Bratislava Slovenský ústav technickej normalizácie 2013
Subjects:

MARC

LEADER 00000cam a2200000 a 4500
001 vtls010542268
003 SK-MaSNL
005 20260301133404.0
008 160430s2013 xo a f u 000 0 slo
015 |a SNBN2013 
020 |c (cen. skup. 4) 
040 |a SNK  |b slo  |c SNK  |e AACR2 
041 1 |a slo  |h eng 
044 |a xo  |c SK 
046 |a s  |m 201309 (účin.) 
072 7 |a 681  |x Presná mechanika a prístroje . Hudobné nástroje  |2 konspekt 
080 |a 681.7  |2 2001 
080 |a 006.7/.8  |2 2001 
080 |a (437.6)  |2 2001 
080 |a (4)  |2 2001 
084 |a 17.180.30  |2 ICS 
130 0 |a STN 73 0212 (STN ISO 17123-4)  |9 485719 
245 1 0 |a STN ISO 17123-4: 2013 (73 0212), Optika a optické prístroje. Postupy na skúšanie geodetických prístrojov  |n Časť 4  |p Elektrooptické diaľkomery (meranie na odrazové hranoly) 
246 1 0 |a Optika a optické prístroje 
246 1 0 |a Postupy na skúšanie geodetických prístrojov 
246 1 0 |a Elektrooptické diaľkomery (meranie na odrazové hranoly) 
246 3 0 |a ISO 17123-4: 2012 
260 |a Bratislava  |b Slovenský ústav technickej normalizácie  |c 2013 
300 |a 21 s.  |b obr., tab.  |c 30 cm 
500 |a Súbežný názov v angličtine, francúzštine, nemčine 
500 |a Spracovateľ: Slovenská technická univerzita Bratislava, Stavebná fakulta, Ján Ježko 
500 |a Táto norma nahrádza STN ISO 17123-4 z februára 2010 
504 |a Citované normy, súvisiace právne predpisy s. 2 ; literatúra s. III 
520 8 |a Táto norma obsahuje anglickú verziu ISO 17123-4: 2012 
540 |a STN vydané na akomkoľvek nosiči sa môžu rozmnožovať a rozširovať iba so súhlasom určenej právnickej osoby  |b SÚTN Bratislava  |c zákon 264/1999 Z. z. 
650 0 7 |a optické prístroje  |2 SNKPH  |9 30872 
650 0 7 |a technické normy a štandardy  |z Slovensko  |2 SNKPH  |9 79594 
650 0 7 |a technické normy a štandardy  |z krajiny Európskej únie  |2 SNKPH  |9 289341 
650 0 7 |a Optical instruments  |2 SNKPHeng  |9 336641 
655 7 |a normy  |2 SNKPH  |9 70643 
700 1 |a Ježko, Ján,  |d 1958-  |4 trl  |9 126144 
710 2 |a Slovenská technická univerzita v Bratislave.  |b Stavebná fakulta  |4 trl  |9 166787 
710 2 |a Slovenský ústav technickej normalizácie  |4 stn  |9 32706 
852 |a Štátna vedecká knižnica v Banskej Bystrici 
958 |a OP 
958 |a NB 
999 |c 753619  |d 755549 
952 |a SNK  |b SNK  |y PREZ  |7 0  |p 17A1084171  |o snkSTN ISO 17123-4  |i snk2013/23375  |8 0  |0 0  |1 0  |4 0  |d 2013-10-01  |l 0  |r 2026-02-23 23:40:10  |w 2026-02-23 
952 |a SNK  |b SNK  |y PREZ  |7 0  |p 17A1084170  |o snkSTN ISO 17123-4 D1  |i snk2013/23376  |8 0  |0 0  |1 0  |4 0  |d 2013-10-01  |l 0  |r 2026-02-23 23:40:10  |w 2026-02-23